| 000 | 00575nam a2200169Ia 4500 | ||
|---|---|---|---|
| 003 | IN-BaIIA | ||
| 008 | 211028s9999 xx s 000 0 eng d | ||
| 020 | _a9780892523221 (Print) | ||
| 040 | _cIIA Library | ||
| 100 |
_aSakai, Hajime, ed. _941226 |
||
| 245 | 0 |
_a1981 Intl Conf on Fourier Transform Infrared Spectroscopy _h[eBook] |
|
| 260 |
_aWashington, USA _bSPIE _c1981 |
||
| 300 | _aOnline resource | ||
| 490 | _aProceedings of SPIE; V. 0289 | ||
| 856 |
_uhttps://www.spiedigitallibrary.org/conference-proceedings-of-spie/0289 _yClick Here to Access eBook |
||
| 942 | _cEB | ||
| 999 |
_c22600 _d22600 |
||